Normal view
MARC view
Entry Geographic Name
001 - CONTROL NUMBER
- control field: 323
003 - CONTROL NUMBER IDENTIFIER
- control field: csc
005 - DATE AND TIME OF LATEST TRANSACTION
- control field: 20140507162049.0
008 - FIXED-LENGTH DATA ELEMENTS
- fixed length control field: 110324|||a|||||| | ||| d
040 ## - CATALOGING SOURCE
- Original cataloging agency: csc
- Transcribing agency: csc
151 ## - HEADING--GEOGRAPHIC NAME
- Geographic name: Kincardineshire (Scotland)
- Form subdivision: Fiction.
670 ## - SOURCE DATA FOUND
- Source citation: Work cat.: (csc)0: Gibbon, Lewis Grassic, 1901-1935. 577, The speak of the Mearns /, 2001.